000 00623nam a2200205Ii 4500
003 JO-AjNU
008 230605s9999||||xx |||||||||||||| ||und||
017 _a1973/3152
040 _aJO-AjNU
_bara
_erda
_cJO-AjNU
041 _aara
050 1 4 _aPJ7805 1973
100 3 _aتأليف الصاوي،عبد المنعم,
_eauthor
_912970
245 0 0 _aكادار!! قصة طويلة
264 3 1 _aالقاهر:مكتبة مصر،1973
300 _a227ص
336 _atext
_btxt
_2rdacontent
337 _aunmediated
_bn
_2rdamedia
338 _avolume
_bnc
_2rdacarrier
650 4 _aالأدب العربي - قصص
_912971
999 _aA3106
_c6674
_d6674